000 00615nam a2200205 i 4500
001 26649
003 ES-MaACL
005 20250702063037.0
007 t|
008 030110s1974 ag ||||1| spa d
100 1 _aAsturias, Miguel Ángel,
_d1899-1974
_923701
245 1 3 _aEl alhajadito /
_cMiguel Angel Asturias.
250 _a4ª ed.
260 _aBuenos Aires :
_bLosada,
_c1974.
300 _a160 p. ;
_c18 cm.
490 1 _aBiblioteca clásica y contemporánea ;
_v317
830 0 0 _aBiblioteca clásica y contemporánea
_v317
_9181053
852 _aES-MaACL
_jL-7943
999 _c26649
_d26649